Statistiques concernant 15 principaux pays touchés par Covid-19 - 16 mai

Cliquez ici pour prendre le quiz!

Statistiques générales

  • Ce quiz a été pris 27 fois
  • Le résultat moyen est 15 sur 24

Statistiques - réponses

pays% Correct
France
100%
Canada
96%
Chine
96%
Espagne
96%
Etats-Unis
96%
Italie
96%
Russie
96%
Allemagne
92%
Royaume-Uni
88%
Brésil
84%
Belgique
72%
Inde
68%
Portugal
64%
Suisse
64%
Iran
52%
Suède
52%
Turquie
52%
Irlande
44%
Pérou
28%
Biélorussie
20%
Qatar
20%
Singapour
20%
Bahreïn
16%
Koweït
8%

Distribution des résultats

Percentile par nombre de réponses

% des personnes avec chaque résultat

Votre développement - résultats

Vous n’avez pas pris ce quiz